000 01138nas a2200397 4500
001 BR0504150
003 BR-BrBNA
005 20231205105539.0
007 ta
008 230509b bl.|||p| |||| 00| 00por d
040 _aBR-BrBNA
_bpor
_cBiblioteca Nacional de Agricultura
041 _a(Pt)
072 _aF60; F62
100 1 _aRodrigues, A.C.
100 1 _aHerter, F.G.
100 1 _aVeríssimo, V.
100 1 _aChavarria, G.
100 1 _aGardin, J.P.P.
100 1 _aCampos, A.D.
245 1 _aDeterminação por cromatografia de açúcares em frutíferas de clima temperado
650 _aFRUTA DE CLIMA TEMPERADO
650 _aFISIOLOGIA VEGETAL
650 _aCROMATOGRAFIA GASOSA
650 _aAÇÚCARES
650 _aDORMÊNCIA
650 _aCRESCIMENTO
650 _aMÉTODO
650 _aFRUTOSE
650 _aGLICOSE
650 _aSACAROSE
650 _aTECIDO VEGETAL
650 _aRIO GRANDE DO SUL
773 0 _tRevista Brasileira de Fruticultura (Brazil)
_xISSN 0100-2945
_g(Apr 2005), v. 27(1) p. 173-174
_wBR0504150
909 _a202311
_bLúcia
_c55
_dLúcia Elande
942 _2AGRIS
_n0
_cANA
999 _c183491
_d183491